000 01251nam a22003137a 4500
003 OSt
005 20230621111009.0
008 221006b |||||||| |||| 00| 0 eng d
040 _cBiblioteca Lado V
082 _a709.05
_bG851a
100 _9855
_aGriffin, Tim
_eeditor
245 _aArtforum/
_bInternacional/
260 _aNew York
_c2012
_bNew York editorial and business offices
300 _c26.5x27cm
_a240p.
366 _espa
490 _aAbril
_v2012
_x0864-1315
505 _tCOLUMNS
_aPASSAGES BOOKS FILM ON SITE MUSIC MEDIA DESIGN TOP TEN
505 _tFEATURES
_gTEST SUBJECTS CLOSE-UP ARTIST'S PORTAFOLIO ART AFTER NATURE OPENINGS
505 _tREVIEWS
650 _2Tesauro de Arte & Arquitectura
_aARTE COMTEMPORANEO
_9703
650 _2Tesauro de Arte & Arquitectura
_aFOTOGRAFIA
_9702
650 _2Tesauro de Arte & Arquitectura
_aARTE VISUAL
_9702
650 _2Tesauro de Arte & Arquitectura
_aLIBROS
650 _2Tesauro de Arte & Arquitectura
_aNOTICIAS
650 _2 Tesauro de Arte & Arquitectura
_aARTE INTERNACIONAL
650 _2 Tesauro de Arte & Arquitectura
_aESCULTURA
700 _aNavarreta, Jose Antonio
_eeditor
942 _2ddc
_c1
_h709.05
_iG851a
_n0
999 _c3897
_d3897